| 000 | 00615nam a2200169 a 4500 | ||
|---|---|---|---|
| 001 | 000029688 | ||
| 005 | 20200930055730.0 | ||
| 008 | 110425s1988 dr c 000 0 spa d | ||
| 040 |
_aDO-SdBNP _bspa _cBNPHU |
||
| 082 |
_axxx _bA728f |
||
| 100 | 1 |
_aArmenteros Ruis, Enrique _956486 |
|
| 245 | 1 | 0 |
_aEl bosque dominicano en su hora ¨0¨ : _bComo atraer el sector privado a su reforestación / _cEnrique Armenteros Ruis. |
| 260 |
_aSanto Domingo : _bFundación para el mejoramiento Humano (PROGRESSIO), _c1988. |
||
| 300 |
_a23 p. : _bretr. ; _c23 cm. |
||
| 490 | 1 |
_aPROGRESSIO _vno. 8 |
|
| 830 | 0 |
_aPROGRESSIO _nno. 8 _956487 |
|
| 999 |
_c29180 _d29180 |
||